000 01000nas a2200325 4500
001 BR2015006820
003 BR-BrBNA
005 20231205130105.0
007 ta
008 230509b bl.|||p| |||| 00| 00por d
040 _aBR-BrBNA
_bpor
_cBiblioteca Nacional de Agricultura
041 _a(Pt)
072 _aP34; P33; F04
100 1 _aKrob, A.D.
100 1 _aMoraes, S.P.
100 1 _aSelbach, P.A.
100 1 _aBento, F.M.
100 1 _aAndreazza, R.
100 1 _aCamargo, F.A. de O.
245 1 _aAlterações nas propriedades físicas e microbiológicas do solo sob adição contínua de composto de lixo urbano
650 _aMICROBIOLOGIA DO SOLO
650 _aFÍSICA DO SOLO
650 _aFUNGO
650 _aRESÍDUO ORGÂNICO
650 _aBACTÉRIA
650 _aMEIO AMBIENTE
773 0 _tPesquisa Agropecuária Gaúcha (Brazil)
_xISSN 0104-9070
_g(2011), v. 17(2) p. 137-144
_wBR2015006820
909 _a202311
_bLúcia
_c55
_dLúcia Elande
942 _2AGRIS
_n0
_cANA
999 _c247840
_d247840